Çözümlü mukavemet problemleri/ (Record no. 124)
| 000 -BAŞLIK | |
|---|---|
| Sabit Uzunluktaki Kontrol Alanı | 00961nam a22003017a 4500 |
| 001 - KONTROL NUMARASI | |
| Control Dosyası | 0000123 |
| 003 - KONTROL NUMARASI KİMLİĞİ | |
| Kontrol Alanı | KOHA_MİRAKIL |
| 005 - EN SON İŞLEM TARİHİ ve ZAMANI | |
| Kontrol Alanı | 20260207001200.0 |
| 007 - FİZİKSEL TANIM SABİT ALAN - GENEL BİLGİ | |
| Sabit uzunluklu kontrol alanı | ta |
| 008 - SABİT UZUNLUKTAKİ VERİ ÖGELERİ - GENEL BİLGİ | |
| Sabit Alan | 111004b tu |||gr||||#||||0|tur | |
| 020 ## - ISBN - ULUSLARARASI STANDART KİTAP NUMARASI | |
| Isbn | 975511016X |
| Nitelik bilgileri | 9755110178 |
| Kullanılabilirlik koşulları | YTL11,69 |
| 040 ## - KATALOGLAMA KAYNAĞI | |
| Özgün Kataloglama Kurumu | TR-BiSEU |
| Kataloglama Dili | tur |
| Çeviri Kurumu | TR-BiSEU |
| Açıklama Kuralları | rda |
| 041 0# - DİL KODU | |
| Metin ya da ses kaydının dil kodu | tur |
| 044 ## - YAYINLAYAN/ÜRETEN KURULUŞUN ÜLKE KODU | |
| ISO country code | tu |
| 050 ## - SINIFLAMA ve YER NUMARASI | |
| Sınıflama Numarası | TA407.4 |
| Yer Numarası | .B63 [t.y.] |
| 100 1# - KİŞİ ADI | |
| Yazar Adı (Kişi adı) | Boduroğlu, Hasan. |
| 245 0# - ESER ADI BİLDİRİMİ | |
| Başlık | Çözümlü mukavemet problemleri/ |
| Sorumluluk Bildirimi | Hasan Boduroğlu, Feridun Delale. |
| 264 #1 - ÜRERİM, YAYIN, DAĞITIM ve TELİF BİLDİRİMİ | |
| Yayın yeri | İstanbul : |
| Yayınlayan | Birsen Yayınevi |
| Yayın tarihi | [t.y.] |
| 300 ## - FİZİKSEL TANIMLAMA | |
| Sayfa, Cilt vb. | c. , 216 sayfa: resimli |
| 336 ## - İÇERİK TÜRÜ | |
| Content type term | metin |
| Content type code | txt |
| Source | rdacontent |
| 337 ## - MEDYA TÜRÜ | |
| Media type term | aracısız |
| Media type code | n |
| Source | rdamedia |
| 338 ## - TAŞIYICI TÜRÜ | |
| Carrier type term | cilt |
| Carrier type code | nc |
| Source | rdacarrier |
| 500 ## - GENEL NOT | |
| Genel Not | Kütüphanede 1. c. var. |
| 500 ## - GENEL NOT | |
| Genel Not | c.1. Uluslararası birim sistemi ile |
| 650 #0 - KONU BAŞLIĞI EK GİRİŞ - KONU TERİMİ | |
| Konusal terim veya coğrafi ad | Mukavemet--Problemler, alıştırmalar vb. |
| 9 (RLIN) | 1831 |
| 650 #0 - KONU BAŞLIĞI EK GİRİŞ - KONU TERİMİ | |
| Konusal terim veya coğrafi ad | Materyallerin gücü--Problemler, alıştırmalar vb. |
| 9 (RLIN) | 1832 |
| 942 ## - EK GİRİŞ ÖGELERİ (KOHA) | |
| Source of classification or shelving scheme | Library of Congress Classification |
| Koha item type | Book |
| Materyal Türü | Kalıcı Konum | Mevcut Konum | Raf Yeri | Sınıflandırma Kaynağı | Edinim Bilgisi | Ana Konular | Alt Konular | Yer Numarası | Cilt Bilgisi | Demirbaş Numarası | Fatura Tarihi | Maliyet, Alış Fiyatı | Maliyet, Yenileme Fiyatı | Geri Çekilme Durumu | Kayıp Durumu | Hasarlı Durumu | Kredi için değil | Kayıt Tarih | Toplam Ödünçverme | Son Görülme Tarihi | Son Kontrol Tarihi |
|---|---|---|---|---|---|---|---|---|---|---|---|---|---|---|---|---|---|---|---|---|---|
| Book | Prof. Dr. Azmi Özcan Kütüphanesi | Prof. Dr. Azmi Özcan Kütüphanesi | Birûni Salonu | Library of Congress Classification | Satın | TEKNOLOJİ | Mühendislik (Genel), İnşaat Mühendisliği (Genel) | TA407.4 .B63 [t.y.] | c.1 | 0000123 | 12/12/2008 | 12.63 | 12.63 | 12/12/2008 | 17 | 09/12/2024 | 09/12/2024 | ||||
| Book | Prof. Dr. Azmi Özcan Kütüphanesi | Prof. Dr. Azmi Özcan Kütüphanesi | Birûni Salonu | Library of Congress Classification | Satın | TEKNOLOJİ | Mühendislik (Genel), İnşaat Mühendisliği (Genel) | TA407.4 .B63 [t.y.] | c.1 | 0032846 | 02/02/2026 | 12.63 | 12.63 | 04/10/2011 | 20 | 05/12/2024 | 05/12/2024 |
